000 00528nam a2200181Ia 4500
005 20240604054504.0
008 240331s9999 xx 000 0 und d
020 _a9556250050
082 _bKOD
_a346
100 _aKodikara, Chulani
245 0 _aMuslim family law in Sri lanka
_bTheory, practice and issues of Concern to Women
_cChulani Kodikara
250 _a1 st
260 _aSri Lanka
_bMuslim Women's Research and Action Forum
_c1999
300 _axvi, 334 p .,
650 _a Muslim Law
650 _aWomen
942 _cL
999 _c2846
_d2846